[Event "18th Brasschaat Open 2018"]
[Site "Brasschaat"]
[Date "2018.08.21"]
[Round "2"]
[White "Lambregts, Frank"]
[Black "Dauw, Sterre"]
[Result "0-1"]
[WhiteElo "1819"]
[BlackElo "2192"]
[Annotator "TA"]
[PlyCount "98"]
[EventDate "2018.08.18"]
[EventType "swiss"]
[EventCountry "BEL"]
[SourceTitle "playchess.com"]
[Source "ChessBase"]
[SourceQuality "1"]

{[%evp 9,98,-73,-54,-50,-6,-42,-10,-21,-14,-13,0,-155,-162,-306,-307,-352,-295,-378,-306,-244,-251,-560,-527,-585,-570,-532,-316,-283,-184,-176,-167,-148,-151,-145,-148,-192,-195,-225,-181,-154,-186,-165,-166,-149,-159,-166,-40,-70,-16,-37,-60,-133,-115,-123,-107,-191,-190,-210,-41,-207,-200,-213,-213,-254,-249,-389,-383,-389,-321,-295,-268,-536,-508,-806,-788,-780,-746,-1091,-1063,-29964,-29965,-29960,-29962,-29974,-29974,-29969,-29970,-29969,-29967,-12439,-9559]} 1. d4 Nf6 2. Nc3 d5 3. Bg5 e6 4. f3 (4. e4 dxe4 5. Nxe4 Nbd7 6. Nf3 Be7 7. Nxf6+ Bxf6 8. h4 c5 9. Qd2 cxd4 10. O-O-O e5 11. Bd3 O-O 12. Rhe1 Re8 13. Bxf6 Qxf6 14. Qg5 Kf8 15. Qg3 h6 16. Bb5 e4 17. Nxd4 {1-0 (26) Rapport,R (2704)-Spasov,V (2546) Palic 2014}) 4... h6 5. Bf4 $146 ({Predecessor:} 5. Bxf6 Qxf6 6. e4 Bb4 7. e5 Qg6 8. Qd2 Nc6 9. O-O-O f6 10. f4 fxe5 11. fxe5 Bd7 {1-0 (37) Benderac,A (2334)-Hadziselimovic,M (1698) Neum 2008}) 5... a6 6. e4 {D01: Veresov Opening} Be7 7. Qd2 c5 8. exd5 {The position is equal.} cxd4 9. Qxd4 {With the idea d6.} Nc6 10. Qa4 $2 ({Only move:} 10. Qf2 $1 $11 Nxd5 11. O-O-O) 10... exd5 $17 ({But not} 10... Nxd5 11. O-O-O $15) 11. O-O-O (11. Bb5 $142) 11... Be6 $19 12. Ne4 O-O 13. Ne2 b5 14. Nxf6+ Bxf6 15. Qb3 $2 (15. Qa3 {was the crucial defense.}) 15... Rc8 16. a3 d4 17. Qd3 Qd5 18. Nc3 dxc3 19. Qxd5 cxb2+ 20. Kb1 Bxd5 21. Rxd5 Rfe8 {( -> ...Re1+)} 22. Bd3 Na5 $1 23. Rd6 Rc3 24. Rxf6 gxf6 25. Kxb2 Rc5 26. Bxh6 Nc4+ 27. Kb3 {[#]} Rce5 (27... Ne5 $1 $19 28. Re1 Re6) 28. Bf4 Re1 (28... Rd5 $15) 29. Rxe1 $11 Rxe1 30. Bxc4 (30. a4 $15) 30... bxc4+ $17 31. Kxc4 $11 {[%mdl 4096] Endgame KR-KB} Re2 32. Kd3 (32. c3 $17 {keeps fighting.}) 32... Rxg2 $19 33. Bd6 Rg1 $2 (33... f5 $19 {And now ...Rf2 would win.} 34. c4 f6) 34. Kd2 $2 (34. Kd4 $1 $15) 34... f5 35. c4 {[#]} f6 $1 36. c5 Kf7 37. Kc3 (37. c6 {might work better.}) 37... Rf1 38. f4 Rb1 39. Kc4 {If White can now play Kd5 this consolidates a bit.} Ke6 40. a4 $2 (40. h4) 40... Kd7 41. Bf8 (41. a5 $142 Kc6 42. Be7) 41... Kc6 42. h3 Re1 43. h4 Re4+ 44. Kd3 Rxf4 45. h5 Rxa4 46. h6 Rh4 47. Bg7 Kxc5 48. Ke3 Kd5 49. Kf3 Ke6 {Precision: White = 19%, Black = 66%.} 0-1

[Event "18th Brasschaat Open 2018"]
[Site "Brasschaat"]
[Date "2018.08.21"]
[Round "2"]
[White "Carpentier, Julian"]
[Black "Den Hartog, Marijn"]
[Result "0-1"]
[WhiteElo "1794"]
[BlackElo "2118"]
[Annotator "TA"]
[PlyCount "58"]
[EventDate "2018.08.18"]
[EventType "swiss"]
[EventCountry "BEL"]
[SourceTitle "playchess.com"]
[Source "ChessBase"]
[SourceQuality "1"]

{[%evp 10,58,25,19,35,22,58,6,8,5,21,-13,-21,-8,0,-26,-6,-29,-15,-23,0,0,-27,-55,-62,-54,-57,-56,-59,-197,-190,-190,-182,-197,-178,-204,-159,-343,-144,-160,-156,-163,-150,-233,-164,-544,-542,-592,-634,-593,-545]} 1. b3 e5 2. Bb2 Nc6 3. Nf3 d6 4. e3 Nf6 5. d4 e4 6. Nfd2 {LiveBook: 13 Games} Ne7 {[%cal Bc6e7,Be7g6,Bg6h4][%mdl 32] A01: Nimzowitsch-Larsen Opening} 7. c4 c6 8. Nc3 (8. d5 $14) 8... d5 $1 $11 {The position is equal.} 9. Be2 Ng6 $146 ({Predecessor:} 9... Nf5 10. Qc2 a6 11. O-O-O h5 12. Kb1 Bb4 13. h3 h4 14. Nf1 {0-1 (69) Enders,P (2445)-Neuman,P (2423) Germany 2016}) 10. Rc1 Be7 11. O-O O-O 12. f4 exf3 (12... Nh4 {looks sharper.} 13. Rf2 g6 14. h3 h5 15. g4 g5) 13. Bxf3 Nh4 14. e4 dxc4 15. Nxc4 Nxf3+ 16. gxf3 Bh3 17. Rf2 Nh5 {[%cal Bf6h5,Bh5f4,Bf4h3][%mdl 32]} 18. f4 f5 $1 19. e5 {[#]} ({Don't go for} 19. Qxh5 $2 Bg4 $19) (19. exf5 $15 Rxf5 20. Ne3) 19... Bh4 $1 $19 {Strongly threatening ...Nxf4!} 20. Qd2 {Threatening Rf3.} g5 (20... Bxf2+ 21. Qxf2 g5 22. fxg5 $17) 21. Ba3 Bxf2+ ({Don't take} 21... Nxf4 22. Rf3 $17) 22. Qxf2 Nxf4 23. Qe3 $2 (23. Bxf8 $17 {is the only way for White.} Qxf8 24. Nd6) 23... Bg4 (23... Re8 $19 {And now ...Re6 would win.} 24. Nd6 Re7) 24. e6 $17 {[#] Threatens to win with e7.} Qf6 25. e7 Rfe8 26. Ne5 (26. Re1 $17) 26... Qh6 27. Nd7 $2 (27. Rf1) 27... Nh3+ $19 {Black is clearly winning.} 28. Kg2 f4 29. Qe5 {aiming for Nf6+.} Bxd7 {Precision: White = 23%, Black = 51%.} 0-1

[Event "18th Brasschaat Open 2018"]
[Site "Brasschaat"]
[Date "2018.08.21"]
[Round "2"]
[White "De Cocq, Ramin"]
[Black "Mitran, Anthony Cristian"]
[Result "0-1"]
[WhiteElo "1766"]
[BlackElo "2096"]
[Annotator "NA RC"]
[PlyCount "56"]
[EventDate "2018.08.18"]
[EventType "swiss"]
[EventCountry "BEL"]
[SourceTitle "playchess.com"]
[Source "ChessBase"]
[SourceQuality "1"]
[TimeControl "40/5400+30:1800+30"]

1. d4 {[%emt 0:00:00]} b6 {[%emt 0:00:00]} 2. c4 {[%emt 0:00:00]} Bb7 {[%emt 0:00:00]} 3. Nc3 {[%emt 0:00:35]} e6 {[%emt 0:00:00]} 4. e3 {[%emt 0:00:10]} Nf6 {[%emt 0:00:00]} 5. Nf3 {[%emt 0:03:54]} Bb4 {[%emt 0:04:43]} 6. Bd2 {[%emt 0:07:17]} O-O {[%emt 0:01:43]} 7. Be2 {[%emt 0:04:00]} Be7 {[%emt 0:02:11]} 8. O-O {[%emt 0:00:20]} c5 {[%emt 0:00:13]} 9. a3 {[%emt 0:04:22]} d5 {[%emt 0:02:58]} 10. Rb1 {[%emt 0:21:44]} cxd4 {[%emt 0:07:41]} 11. Nxd4 {[%emt 0:10:45]} dxc4 {[%emt 0:00:51]} 12. Bxc4 {[%emt 0:00:59]} Nbd7 {[%emt 0:09:34]} 13. Bxe6 {[%emt 0:24:42]} fxe6 {[%emt 0:01:03]} 14. Nxe6 {[%emt 0:01:45]} Qe8 {[%emt 0:00:00]} 15. Nxf8 {[%emt 0:02:50]} Bxf8 {[%emt 0:00:02]} 16. b4 {[%emt 0:13:21]} Qg6 {[%emt 0:01:14]} 17. f3 {[%emt 0:00:48]} Ne5 {[%emt 0:04:43]} 18. e4 {[%emt 0:00:52]} Kh8 {[%emt 0:05:15]} 19. Qe2 {[%emt 0:00:23]} Rc8 {[%emt 0:01:15]} 20. Rfc1 {[%emt 0:00:38]} Rd8 {[%emt 0:19:06]} 21. Be1 {[%emt 0:00:30]} Nh5 {[%emt 0:04:15]} 22. Rd1 {[%emt 0:00:30]} Nf4 {[%emt 0:00:42]} 23. Qf1 {[%emt 0:00:09]} Rc8 {[%emt 0:02:00]} 24. Ne2 {[%emt 0:00:50]} Nxe2+ {[%emt 0:11:03]} 25. Qxe2 {[%emt 0:00:06]} Nxf3+ {[%emt 0:00:16]} 26. Kh1 {[%emt 0:00:57]} Bxe4 {[%emt 0:00:28]} 27. Rb3 {[%emt 0:00:31]} Nxe1 {[%emt 0:01:37]} 28. Rxe1 {[%emt 0:00:09]} Rc2 {[%emt 0:00:34]} 0-1

[Event "18th Brasschaat Open 2018"]
[Site "Brasschaat"]
[Date "2018.08.21"]
[Round "3"]
[White "Dgebuadze, Alexandre"]
[Black "Oudewaal, Vincent"]
[Result "1-0"]
[WhiteElo "2511"]
[BlackElo "2070"]
[Annotator "TA"]
[PlyCount "48"]
[EventDate "2018.08.18"]
[EventType "swiss"]
[EventCountry "BEL"]
[SourceTitle "playchess.com"]
[Source "ChessBase"]
[SourceQuality "1"]

{[%evp 9,48,0,11,0,3,-3,8,10,11,-3,0,-21,22,22,18,18,84,55,66,56,62,69,68,45,45,23,20,-308,-306,-310,-325,-340,-320,-343,-334,-335,20,-320,8,-356,83]} 1. c4 Nf6 2. Nc3 g6 3. g3 Bg7 4. Bg2 O-O 5. d3 c5 {LiveBook: 145 Games} 6. h4 {A16: English Opening: 1...Nf6 with ...d5} (6. Nf3 Nc6 7. O-O d5 8. cxd5 Nxd5 9. Nxd5 Qxd5 10. Be3 Qd6 11. Rc1 Nd4 12. Nxd4 cxd4 13. Bd2 Be6 14. Qa4 Qb6 15. b3 Be5 16. Ba5 Qa6 17. Bc7 Qxa4 18. bxa4 Bxc7 19. Rxc7 Rfc8 20. Rxe7 Rab8 21. Bxb7 {1-0 (40) McShane,L (2697)-Maze,S (2550) Germany 2014}) 6... h5 7. Bg5 Nc6 8. Qd2 {The position is equal.} a6 9. Nh3 $146 {[%cal Bg1h3,Bh3f4,Bf4d5][%mdl 32]} ({Predecessor:} 9. Bxf6 Bxf6 10. Ne4 Bg7 11. Nxc5 b5 12. cxb5 axb5 13. e3 Qb6 14. Nb3 {½-½ (49) Dobrov,V (2517)-Belyakov,B (2500) Samara 2015}) 9... Rb8 10. Rc1 Nd4 11. Bxf6 Bxf6 12. Ne4 Qb6 (12... Bg7 $11 {keeps the balance.}) 13. Nf4 d6 14. Nd5 Qd8 15. e3 Ne6 16. Ndxf6+ exf6 17. Qc3 Kg7 18. Nxf6 $2 {[%mdl 8192] [#]} (18. b3 $11 {and White stays safe.}) 18... Qxf6 $19 19. Qxf6+ Kxf6 20. Rh2 Bd7 21. Kd2 b6 22. Kc3 Ng5 $2 ({Black should play} 22... a5 $19 {And now ...b5 would win.} 23. b3 b5) 23. Rb1 $2 {[%mdl 8192] [#]} (23. hxg5+ $11 Kxg5 24. a4) 23... a5 $2 (23... Nh7 $1 $19 {Threatens to win with ...Kg7.} 24. b4 Kg7) 24. a3 $2 {[%mdl 8192]} (24. hxg5+ $11 Kxg5 25. b3) 24... Nh3 $2 {Precision: White = 29%, Black = 19%.} (24... Ne6 $19 25. Rhh1 b5) 1-0

[Event "18th Brasschaat Open 2018"]
[Site "Brasschaat"]
[Date "2018.08.21"]
[Round "3"]
[White "Grochal, Joey"]
[Black "Sikkel, Dirk"]
[Result "1-0"]
[WhiteElo "2300"]
[BlackElo "1973"]
[Annotator "TA"]
[PlyCount "47"]
[EventDate "2018.08.18"]
[EventType "swiss"]
[EventCountry "BEL"]
[SourceTitle "playchess.com"]
[Source "ChessBase"]
[SourceQuality "1"]

{[%evp 19,47,84,88,34,187,151,282,296,435,445,639,625,1081,1061,1269,563,29991,29992,29996,29993,29993,29994,29995,29996,29996,29997,29997,29998,29998,29999]} 1. d4 g6 2. c4 Bg7 3. e4 d6 4. Nc3 e5 5. Nge2 Nc6 6. Be3 exd4 7. Nxd4 Nge7 8. h4 f5 9. h5 {A42: Moderne Verteidigung (mit c2-c4/ohne Sf6)} O-O 10. hxg6 hxg6 {LiveBook: 12 Partien} 11. c5 ({Besser ist} 11. Nxc6 $16 bxc6 12. Bh6 Bxh6 13. Rxh6) 11... Re8 $146 ({Lieber} 11... fxe4 $1 $14 12. Nxe4 d5) ({Vorgänger:} 11... Nxd4 12. Bxd4 Be6 13. Bxg7 Kxg7 14. Qd4+ Rf6 15. Bb5 Qf8 16. cxd6 cxd6 17. Qxd6 {1-0 (30) Berkes,F (2706)-Czebe,A (2513) Hungary 2011}) 12. Qb3+ $18 Kf8 (12... d5 $16 {ist eine bessere Verteidigung.}) 13. O-O-O fxe4 (13... f4 $142 14. Nxc6 bxc6) 14. Nxe4 ({Schwächer ist} 14. Rh7 d5 $16) ({Weniger gut wäre} 14. Nxc6 bxc6 15. cxd6 (15. Nxe4 d5 $16) (15. Rh7 d5 $11) 15... cxd6 $14) 14... Nxd4 (14... Na5 $142 15. Qa3 Nf5) 15. Bxd4 Bxd4 16. Rxd4 Nf5 {[#]} 17. Qh3 $1 {[%mdl 512]} Nxd4 18. Qh8+ {Weiß setzt Matt.} Kf7 19. Rh7+ Ke6 20. Qxd4 Rf8 21. cxd6 cxd6 22. Bc4+ d5 23. Nc5+ Kf5 24. Bd3+ {Precision: Weiß = 63%, Schwarz = 17%.} 1-0

[Event "18th Brasschaat Open 2018"]
[Site "Brasschaat"]
[Date "2018.08.21"]
[Round "3"]
[White "Draftian, Ashote"]
[Black "De Bock, Thijs"]
[Result "1/2-1/2"]
[WhiteElo "2247"]
[BlackElo "1959"]
[Annotator "TA"]
[PlyCount "57"]
[EventDate "2018.08.18"]
[EventType "swiss"]
[EventCountry "BEL"]
[SourceTitle "playchess.com"]
[Source "ChessBase"]
[SourceQuality "1"]

{[%evp 24,57,60,-10,-2,0,0,-7,0,0,0,0,0,0,0,0,0,0,0,0,0,0,0,0,0,0,0,0,-7,-8,0,0,0,-92,-86,-397]} 1. e4 c5 2. Nc3 Nc6 3. Nf3 g6 4. d4 cxd4 5. Nxd4 Bg7 6. Be3 Nf6 7. Bc4 O-O 8. Bb3 d6 9. f3 Bd7 10. Qd2 Nxd4 11. Bxd4 b5 12. h4 a5 {[%cal Ba7a5,Ba5a4][%mdl 32] [#]} 13. a3 {LiveBook: 5 Games. B77: Sicilian Dragon: Yugoslav Attack, 9 Bc4 sidelines} ({Better is} 13. h5 $1 $14 {[%mdl 512]}) (13. a4 bxa4 14. Nxa4 h5 15. Nb6 Ra6 16. Nxd7 Nxd7 17. Bxg7 Kxg7 18. Bc4 Ra8 19. Qd4+ {½-½ (19) Vachier Lagrave,M (2795)-Radjabov,T (2710) Moscow 2017}) 13... b4 $11 14. Nd5 a4 15. Ba2 {The position is equal.} bxa3 16. bxa3 $146 ({Predecessor:} 16. Nxf6+ Bxf6 17. Bxf6 exf6 18. bxa3 Qb6 19. h5 g5 {½-½ (42) Silva Filho,A (2111)-Vodicka,M (1966) LSS email 2012}) 16... Rc8 17. h5 Nxh5 {[#] And now ...Bxd4 would win.} 18. Bxg7 Kxg7 ({Don't go for} 18... Nxg7 $2 19. Qh6 $18) 19. g4 e6 20. gxh5 exd5 21. hxg6 hxg6 {With the idea ...Rh8.} 22. Qh6+ Kf6 {...Qa5+ is the strong threat.} 23. Qf4+ Kg7 {aiming for ...Qa5+.} 24. O-O-O Qc7 {[%csl Gc8][%cal Rc7c2]} 25. Qh6+ Kf6 {[%csl Gc8][%cal Rc7c2]} 26. Qh4+ Kg7 {[%csl Gc8][%cal Rc7c2]} 27. Qh6+ Kf6 {[%csl Gc8][%cal Rc7c2]} 28. Rh2 (28. Qh4+ $11 g5 29. Qh6+ Ke7 30. Qxg5+ Ke8 31. c4) 28... Qc3 $17 29. Rxd5 $2 {[%mdl 40960] Precision: White = 56%, Black = 88%. . An unexpected result.} (29. Qh4+ $17 g5 30. Qh6+ Ke7 31. Qxg5+ Ke8 32. Bxd5) 1/2-1/2

[Event "18th Brasschaat Open 2018"]
[Site "Brasschaat"]
[Date "2018.08.21"]
[Round "3"]
[White "Dauw, Sterre"]
[Black "Osinga, Angelique"]
[Result "1-0"]
[WhiteElo "2192"]
[BlackElo "1937"]
[Annotator "TA"]
[PlyCount "71"]
[EventDate "2018.08.18"]
[EventType "swiss"]
[EventCountry "BEL"]
[SourceTitle "playchess.com"]
[Source "ChessBase"]
[SourceQuality "1"]

{[%evp 13,71,0,0,0,17,10,9,0,0,3,10,6,0,0,7,0,7,12,100,34,31,21,211,184,274,293,380,291,274,270,279,282,552,193,205,211,233,207,210,212,213,229,488,464,659,652,695,702,896,837,894,795,1581,1467,2187,2160,2122,2055,1974,1885]} 1. e3 d5 2. b3 Nf6 3. Bb2 Nbd7 4. Nf3 e6 5. c4 b6 6. cxd5 {A13: English Opening: 1...e6} exd5 7. Nc3 Bb7 {LiveBook: 7 Games} 8. Rc1 {The position is equal.} (8. d4 a6 9. Bd3 Bd6 10. O-O O-O 11. Rc1 Ne4 12. Rc2 Qe7 13. Qc1 Ndf6 14. Ne2 c5 15. Ng3 Nxg3 16. hxg3 Ne4 17. dxc5 bxc5 18. Bxe4 dxe4 {1-0 (33) Karjakin,S (2785)-Fressinet,L (2672) Doha 2016}) 8... c5 9. d4 Bd6 10. Be2 $146 ({Predecessor:} 10. Bd3 O-O 11. O-O Qe7 12. Qe2 Rad8 13. Ba6 Ba8 {½-½ (25) Makarichev,S (2535)-Aleksandrov,A (2450) Moscow 1991}) 10... Rc8 11. O-O O-O 12. dxc5 bxc5 13. Qd3 Bb8 14. Rfd1 a6 15. Qf5 Qc7 (15... Re8 $11) 16. Qh3 (16. Nxd5 $16 Bxd5 17. Rxd5 Nxd5 18. Qxd5) 16... Rfe8 $14 17. Na4 d4 $2 {[#]} (17... Qd6 $11) 18. Bxd4 $1 {[%mdl 512]} Qa5 (18... Bxf3 $142 19. Bxf3 Qxh2+ 20. Qxh2 Bxh2+ 21. Kxh2 cxd4) (18... cxd4 19. Rxc7) 19. Bb2 $18 Ne5 20. Nxe5 Bxe5 21. Bxe5 Rxe5 22. Bf3 Bxf3 $2 {[#]} (22... Qc7 {was called for.} 23. Bxb7 Qxb7 24. Nxc5 Qa8) 23. Qxf3 $2 (23. Qxc8+ Re8 24. Rxc5 Qxc5 25. Qxc5 Bxd1 26. f3) 23... h6 24. h3 c4 25. Rd4 c3 26. Qb7 Rc7 27. Qb8+ Kh7 $2 (27... Re8 28. Rd8 Rce7) 28. b4 {[%cal Bb3b4,Bb4c5,Bc5c6][%mdl 32] White is clearly winning.} Qxa4 (28... Rb5 $142 29. Qd8 (29. bxa5 Rxb8 30. Rxc3 Rbc8 $18) 29... Rxb4) 29. Qxc7 Rg5 30. Qxc3 Qe8 31. Qd3+ g6 32. Rc5 Rxc5 33. bxc5 Qe5 34. Qc4 Kg7 35. c6 Qc7 36. Qxa6 {Precision: White = 72%, Black = 22%.} 1-0

[Event "18th Brasschaat Open 2018"]
[Site "Brasschaat"]
[Date "2018.08.21"]
[Round "3"]
[White "Den Hartog, Marijn"]
[Black "Beukema, Christiaan"]
[Result "1-0"]
[WhiteElo "2118"]
[BlackElo "1929"]
[Annotator "TA"]
[PlyCount "87"]
[EventDate "2018.08.18"]
[EventType "swiss"]
[EventCountry "BEL"]
[SourceTitle "playchess.com"]
[Source "ChessBase"]
[SourceQuality "1"]

{[%evp 18,86,10,10,19,17,30,14,30,24,96,102,109,25,111,120,118,113,116,116,110,112,132,111,99,106,150,141,184,177,168,175,197,202,211,182,205,177,165,133,228,190,193,187,197,197,322,231,212,190,192,75,181,167,168,175,225,225,225,183,185,175,225,225,225,225,29996,29997,29997,29998,29999]} 1. e4 e5 2. Nf3 Nc6 3. Bc4 Bc5 4. c3 Nf6 5. d3 a6 6. Bb3 d6 7. Nbd2 Be6 8. Nc4 O-O 9. O-O Ba7 10. Bg5 {LiveBook: 35 Games. C54: Giuoco Piano: 4 c3 Nf6, main lines with 5 d4 and 5 d3} (10. Re1 h6 11. h3 Re8 12. Ne3 Ne7 13. Bc2 c5 14. Nh4 g6 15. Qf3 Kg7 16. g4 Nh7 17. Qg3 Kh8 18. Nf1 Ng8 {0-1 (59) Yudin,S (2546)-Inarkiev,E (2682) Dubai 2014}) 10... Bxc4 11. Bxc4 Na5 12. Bb3 {White has an edge.} Nxb3 13. Qxb3 b5 $146 (13... Rb8 $11) ({Predecessor:} 13... Rb8 14. d4 h6 15. Bh4 Qe7 16. Rfe1 g5 17. Bg3 Nh5 18. dxe5 dxe5 19. Qd5 Nxg3 20. hxg3 Rfd8 21. Qb3 Qf6 22. Qc2 Rd6 23. Rad1 Rbd8 {½-½ (23) Lyrberg,P (2395)-Lukacs,P (2480) Budapest 1993}) 14. a4 $16 c6 15. Kh1 (15. axb5 $16 axb5 16. Ra3) 15... Qe7 (15... Bb6 $11 {remains equal.}) 16. Bxf6 Qxf6 17. axb5 axb5 18. Ra6 {Hoping for Qa2.} Rfc8 19. Rfa1 Qe7 20. R1a3 g6 21. Qa2 {[%cal Ra6a7]} Rc7 22. g3 $1 h6 23. Kg2 Kg7 24. b4 c5 25. bxc5 dxc5 26. R3a5 Rb7 27. Qa1 {Strongly threatening c4.} f6 28. Nd2 b4 (28... h5 $16 29. Nf1 Qd7) 29. Nb3 bxc3 {[#]} 30. Nxc5 $1 {[%mdl 512]} Bxc5 31. Rxa8 Bd4 (31... Rb2 $142) 32. Qa2 {[%csl Ga8][%cal Ra2g8]} Qf7 33. Qxf7+ Kxf7 $18 {[%mdl 4096] Endgame KRR-KRB} 34. Ra2 (34. Rc8 $18) 34... Rb2 {[#]} (34... h5 $16) 35. Rxb2 $1 cxb2 {KR-KB} 36. Rb8 g5 37. Kf3 Kg6 38. Ke2 Kh5 39. Kf1 Kg4 {[#] intending ...Kh3.} 40. Kg2 $1 Kh5 41. f3 g4 $2 (41... Kg6 $18 42. Kf1 h5) 42. Rg8 {[%csl Gg8][%cal Rf3g4] White mates.} gxf3+ 43. Kh3 {[%csl Gg8,Gh3][%cal Rg3g4]} b1=Q 44. g4# {Precision: White = 75%, Black = 32%.} 1-0

[Event "18th Brasschaat Open 2018"]
[Site "Brasschaat"]
[Date "2018.08.21"]
[Round "3"]
[White "Mitran, Anthony Cristian"]
[Black "Gorts, Sven"]
[Result "1/2-1/2"]
[WhiteElo "2096"]
[BlackElo "1901"]
[Annotator "NA RC"]
[PlyCount "73"]
[EventDate "2018.08.18"]
[EventType "swiss"]
[EventCountry "BEL"]
[SourceTitle "playchess.com"]
[Source "ChessBase"]
[SourceQuality "1"]
[TimeControl "40/5400+30:1800+30"]

1. Nf3 {[%emt 0:00:00]} c5 {[%emt 0:00:00]} 2. b3 {[%emt 0:00:00]} Nc6 {[%emt 0:00:02]} 3. Bb2 {[%emt 0:00:00]} d5 {[%emt 0:00:35]} 4. e3 {[%emt 0:00:37]} Nf6 {[%emt 0:00:37]} 5. d4 {[%emt 0:00:06]} cxd4 {[%emt 0:01:59]} 6. exd4 {[%emt 0:00:14]} Bg4 {[%emt 0:00:28]} 7. h3 {[%emt 0:00:46]} Bh5 {[%emt 0:00:26]} 8. Be2 {[%emt 0:00:29]} e6 {[%emt 0:00:19]} 9. O-O {[%emt 0:00:05]} Be7 {[%emt 0:01:17]} 10. a4 {[%emt 0:01:51]} O-O {[%emt 0:00:33]} 11. Nbd2 {[%emt 0:07:12]} Rc8 {[%emt 0:01:21]} 12. c3 {[%emt 0:00:27]} h6 {[%emt 0:12:01]} 13. Bd3 {[%emt 0:00:42]} e5 {[%emt 0:01:19]} 14. dxe5 {[%emt 0:09:09]} Nxe5 {[%emt 0:00:20]} 15. Be2 {[%emt 0:10:07]} Nxf3+ {[%emt 0:00:53]} 16. Bxf3 {[%emt 0:04:19]} Bxf3 {[%emt 0:00:56]} 17. Qxf3 {[%emt 0:00:10]} Re8 {[%emt 0:02:29]} 18. Rad1 {[%emt 0:02:35]} Qb6 {[%emt 0:00:29]} 19. c4 {[%emt 0:00:38]} dxc4 {[%emt 0:00:36]} 20. Nxc4 {[%emt 0:00:01]} Rxc4 {[%emt 0:05:43]} 21. Bxf6 {[%emt 0:22:32]} Rb4 {[%emt 0:01:27]} 22. Bxe7 {[%emt 0:00:54]} Rxe7 {[%emt 0:00:17]} 23. Rd3 {[%emt 0:00:07]} Rbe4 {[%emt 0:04:30]} 24. Rc3 {[%emt 0:01:20]} Qe6 {[%emt 0:01:21]} 25. Qd3 {[%emt 0:02:29]} Qd7 {[%emt 0:08:01]} 26. Qg3 {[%emt 0:01:50]} R4e5 {[%emt 0:06:24]} 27. Rfc1 {[%emt 0:01:33]} a6 {[%emt 0:05:55]} 28. Kh2 {[%emt 0:02:33]} Kh7 {[%emt 0:00:55]} 29. Rc8 {[%emt 0:07:26]} Qd6 {[%emt 0:07:24]} 30. Re1 {[%emt 0:05:20]} Qd7 {[%emt 0:02:34]} 31. Rxe5 {[%emt 0:03:23]} Rxe5 {[%emt 0:00:09]} 32. Rf8 {[%emt 0:02:38]} Rg5 {[%emt 0:06:44]} 33. Qf4 {[%emt 0:03:02]} Qd5 {[%emt 0:04:15]} 34. g4 {[%emt 0:03:39]} f6 {[%emt 0:02:16]} 35. Qb8 {[%emt 0:02:47]} Qe5+ {[%emt 0:05:07]} 36. Qxe5 {[%emt 0:01:08]} Rxe5 {[%emt 0:00:05]} 37. Rf7 {[%emt 0:02:18]} 1/2-1/2

[Event "18th Brasschaat Open 2018"]
[Site "Brasschaat"]
[Date "2018.08.21"]
[Round "3"]
[White "Pirard, Natan"]
[Black "Docx, Stefan"]
[Result "1/2-1/2"]
[WhiteElo "2067"]
[BlackElo "2444"]
[Annotator "TA"]
[PlyCount "61"]
[EventDate "2018.08.18"]
[EventType "swiss"]
[EventCountry "BEL"]
[SourceTitle "playchess.com"]
[Source "ChessBase"]
[SourceQuality "1"]

{[%evp 22,61,22,18,18,16,33,24,28,17,30,4,11,10,20,0,0,0,30,30,21,0,50,54,47,52,70,62,62,54,71,-37,-34,-39,16,16,412,406,510,512,475,156]} 1. e4 c5 2. Nf3 d6 3. Bb5+ Nd7 4. d4 cxd4 5. Qxd4 a6 6. Bxd7+ Bxd7 7. Nc3 e5 8. Qd3 {B51: Sicilian: Moscow Variation (3 Bb5+) without 3...Bd7} h6 9. O-O Rc8 10. Rd1 Nf6 11. Nd2 {[%cal Bf3d2,Bd2f1,Bf1e3][%mdl 32]} Qc7 12. a4 {LiveBook: 7 Games} Be7 13. Nf1 O-O 14. Ne3 Be6 15. a5 Qc5 {[#]} 16. Ra3 $146 ({Predecessor:} 16. Bd2) 16... Bd8 17. Bd2 Qd4 18. Be1 Qxd3 19. Rxd3 g6 20. f3 Ne8 21. Ncd5 Bxd5 22. Nxd5 Rxc2 23. Rab3 Rc1 {[#] White must now prevent ...Bxa5.} 24. Kf2 f5 25. exf5 Rxf5 26. Bd2 (26. Rxb7 $16 e4 27. Rc3 Bh4+ 28. g3 Rxc3 29. Nxc3 Rxf3+ 30. Kg2) 26... Rc5 $1 $15 27. Nc3 Bxa5 ({Better is} 27... Rf7 $15) 28. Rxb7 $11 {[#] b4 is the strong threat.} g5 $2 {[%mdl 8192]} (28... Bxc3 $11 {and Black is okay.} 29. Rxc3 Rxc3 30. bxc3 Nf6) 29. b4 $18 e4 30. Nxe4 ({Stronger than} 30. bxc5 exd3 31. Ke3 dxc5 $11) 30... Rc4 31. bxa5 $2 {Precision: White = 60%, Black = 31%.} (31. Ng3 $18 {and White stays clearly on top.} Rf7 32. Rb8 Bxb4 33. Rxe8+ Kg7 34. Bxb4 Rxb4 35. Rxd6 Rb2+ 36. Ke3 Rb3+ 37. Kd4 Rb4+ 38. Kc3) 1/2-1/2